Concilio Vaticano II: documentos completos, constituciones, decretos, declaraciones, mensajes
שמור ב:
| פורמט: | ספר |
|---|---|
| שפה: | ספרדית |
| יצא לאור: |
Bogotá
Paulinas
1981
|
| סדרה: | Colección Biblia y Catequesis, 13
|
| נושאים: | |
| תגים: |
הוספת תג
אין תגיות, היה/י הראשונ/ה לתייג את הרשומה!
|
MARC
| LEADER | 00000nam a2200000 a 4500 | ||
|---|---|---|---|
| 001 | UCL4265 | ||
| 003 | CL-VaPUC | ||
| 008 | 040109e19810000CK |||||||||||||||||spa|d | ||
| 082 | 0 | 4 | |a 262.91 |b CON |2 21 |
| 245 | 1 | 0 | |a Concilio Vaticano II: documentos completos, constituciones, decretos, declaraciones, mensajes |
| 300 | |a 431 p | ||
| 942 | |c BK | ||
| 945 | |d 20040109 00:00:00 |a vberengu | ||
| 260 | |a Bogotá |b Paulinas |c 1981 | ||
| 650 | 0 | |a Documentos pontificios |9 255642 | |
| 583 | |a last modification |c 20040109 00:00:00 |k Rodrigo Vera | ||
| 490 | 0 | |a Colección Biblia y Catequesis, 13 | |
| 999 | |c 307146 |d 307144 | ||
| 952 | |0 0 |1 0 |4 0 |6 262_910000000000000_CON_1981 |7 0 |8 A |9 372768 |a BIBTEO |b BIBTEO |d 2019-11-21 |i 2100851 |o 262.91 CON 1981 |p 2100851 |r 2025-01-17 |w 2019-11-21 |y BK |k ICR | ||
| 952 | |0 0 |1 0 |4 0 |6 262_910000000000000_CON_1981 |7 0 |8 A |9 372769 |a BIBTEO |b BIBTEO |d 2019-11-21 |i 210086K |o 262.91 CON 1981 |p 210086K |r 2025-01-17 |w 2019-11-21 |y BK |k ICR | ||
| 952 | |0 0 |1 0 |4 0 |6 262_910000000000000_CON_1981 |7 0 |8 A |9 372770 |a BIBTEO |b BIBTEO |d 2019-11-21 |i 2100908 |o 262.91 CON 1981 |p 2100908 |r 2025-01-17 |w 2019-11-21 |y BK |k ICR | ||
| 952 | |0 0 |1 0 |4 0 |6 262_910000000000000_CON_1981 |7 0 |8 A |9 372771 |a BIBTEO |b BIBTEO |d 2019-11-21 |i 2100916 |o 262.91 CON 1981 |p 2100916 |r 2025-01-17 |w 2019-11-21 |y BK |k ICR | ||
| 952 | |0 0 |1 0 |4 0 |6 262_910000000000000_CON_1981 |7 0 |8 A |9 372772 |a BIBTEO |b BIBTEO |d 2019-11-21 |i 2100924 |o 262.91 CON 1981 |p 2100924 |r 2025-01-17 |w 2019-11-21 |y BK |k ICR | ||
| 952 | |0 0 |1 0 |4 0 |6 262_910000000000000_CON_1981 |7 0 |8 A |9 372773 |a BIBTEO |b BIBTEO |d 2019-11-21 |i 2100932 |o 262.91 CON 1981 |p 2100932 |r 2025-01-17 |w 2019-11-21 |y BK |k ICR | ||
| 952 | |0 0 |1 0 |4 0 |6 262_910000000000000_CON_1981 |7 0 |8 A |9 372774 |a BIBTEO |b BIBTEO |d 2019-11-21 |i 2100940 |o 262.91 CON 1981 |p 2100940 |r 2025-01-17 |w 2019-11-21 |y BK |k ICR | ||
| 952 | |0 0 |1 0 |4 0 |6 262_910000000000000_CON_1981 |7 0 |8 A |9 372775 |a BIBTEO |b BIBTEO |d 2019-11-21 |i 2100959 |o 262.91 CON 1981 |p 2100959 |r 2025-01-17 |w 2019-11-21 |y BK |k ICR | ||
| 952 | |0 0 |1 0 |4 0 |6 262_910000000000000_CON_1981 |7 0 |8 A |9 372776 |a BIBTEO |b BIBTEO |d 2019-11-21 |i 2100967 |o 262.91 CON 1981 |p 2100967 |r 2025-01-17 |w 2019-11-21 |y BK |k ICR | ||
| 952 | |0 0 |1 0 |4 0 |6 262_910000000000000_CON_1981 |7 0 |8 A |9 372777 |a BIBTEO |b BIBTEO |d 2019-11-21 |i 2100975 |o 262.91 CON 1981 |p 2100975 |r 2025-01-17 |w 2019-11-21 |y BK |k ICR | ||
| 952 | |0 0 |1 0 |4 0 |6 262_910000000000000_CON_1981 |7 0 |8 A |9 372778 |a BIBTEO |b BIBTEO |d 2019-11-21 |i 2100983 |o 262.91 CON 1981 |p 2100983 |r 2025-01-17 |w 2019-11-21 |y BK |k ICR | ||
| 952 | |0 0 |1 0 |4 0 |6 262_910000000000000_CON_1981 |7 0 |8 A |9 372779 |a BIBTEO |b BIBTEO |d 2019-11-21 |i 2100991 |o 262.91 CON 1981 |p 2100991 |r 2025-01-17 |w 2019-11-21 |y BK |k ICR | ||
| 952 | |0 0 |1 0 |4 0 |6 262_910000000000000_CON_1981 |7 0 |8 A |9 372780 |a BIBTEO |b BIBTEO |d 2019-11-21 |i 2101009 |o 262.91 CON 1981 |p 2101009 |r 2025-01-17 |w 2019-11-21 |y BK |k ICR | ||
| 952 | |0 0 |1 0 |4 0 |6 262_910000000000000_CON_1981 |7 0 |8 A |9 372781 |a BIBTEO |b BIBTEO |d 2019-11-21 |i 458192K |l 4 |o 262.91 CON 1981 |p 458192K |r 2025-01-17 |s 2021-08-27 |w 2019-11-21 |y BK |k ICR | ||